FIFA World Cup 2022 Qatar Stadiums - Statistics

General Stats
  • This quiz has been taken 85 times
  • The average score is 5 of 8
Answer Stats
Capacity Stadium % Correct
80,000 Lusail Stadium
97%
40,000 Stadium 974
76%
60,000 Al Bayt Stadium
73%
40,000 Education City Stadium
63%
40,000 Khalifa International Stadium
57%
40,000 Al Thumama Stadium
53%
40,000 Al Janoub Stadium
47%
40,000 Ahmad Bin Ali Stadium
31%
No matching quizzes found
Score Distribution
Percent of People with Each Score
Percentile by Number Answered
Your Score History
You have not taken this quiz